<?xml version="1.0" encoding="UTF-8"?><?xml-stylesheet type="text/xsl" href="static/style.xsl"?><OAI-PMH xmlns="http://www.openarchives.org/OAI/2.0/" xmlns:xsi="http://www.w3.org/2001/XMLSchema-instance" xsi:schemaLocation="http://www.openarchives.org/OAI/2.0/ http://www.openarchives.org/OAI/2.0/OAI-PMH.xsd"><responseDate>2026-04-17T05:26:21Z</responseDate><request verb="GetRecord" identifier="oai:www.recercat.cat:2117/423435" metadataPrefix="marc">https://recercat.cat/oai/request</request><GetRecord><record><header><identifier>oai:recercat.cat:2117/423435</identifier><datestamp>2026-03-02T02:38:32Z</datestamp><setSpec>com_2072_1033</setSpec><setSpec>col_2072_452951</setSpec></header><metadata><record xmlns="http://www.loc.gov/MARC21/slim" xmlns:dcterms="http://purl.org/dc/terms/" xmlns:xsi="http://www.w3.org/2001/XMLSchema-instance" xmlns:doc="http://www.lyncode.com/xoai" xsi:schemaLocation="http://www.loc.gov/MARC21/slim http://www.loc.gov/standards/marcxml/schema/MARC21slim.xsd">
   <leader>00925njm 22002777a 4500</leader>
   <datafield ind2=" " ind1=" " tag="042">
      <subfield code="a">dc</subfield>
   </datafield>
   <datafield ind2=" " ind1=" " tag="720">
      <subfield code="a">Estarlich Gil, Pau</subfield>
      <subfield code="e">author</subfield>
   </datafield>
   <datafield ind2=" " ind1=" " tag="260">
      <subfield code="c">2024-07-11</subfield>
   </datafield>
   <datafield ind2=" " ind1=" " tag="520">
      <subfield code="a">Transparent Photovoltaic (TPV) technologies represent a promising branch within photovoltaics, seeking to expand their applications by overcoming challenges related to on-site integration, especially within architectural elements related to Building Integrated Photovoltaic (BIPV), and more recently, also in the areas of Internet of Things (IoT) and Agrivoltaics. Unlike conventional approaches solely focused on efficiency, TPV introduces two additional aspects: transparency and aesthetics, which propose added challenges to the device design. This work introduces wide-bandgap inorganic-based TPV devices utilizing ultrathin intrinsic hydrogenated amorphous silicon-carbon (a-SiCx:H) as a semi transparent absorber, along with carrier-selective contacts and transparent electrodes. This innovative approach achieves a Power Conversion Efficiency (PCE) above 2.3% and an Average Photopic Transmittance (APT) of 52%, yielding a Light Utilization Efficiency (LUE) of 1.2%, comparable to best reported state of the art inorganic devices. This work holds significant relevance for the development of inorganic thin-film TPV technologies, especially those employing ultrathin absorbers.</subfield>
   </datafield>
   <datafield ind2=" " ind1=" " tag="520">
      <subfield code="a">Las tecnologías fotovoltaicas transparentes (TPV) representan una rama prometedora dentro de la fotovoltaica, que busca ampliar sus aplicaciones superando los retos relacionados con la integración in situ, especialmente dentro de los elementos arquitectónicos relacionados con la fotovoltaica integrada en edificios (BIPV) y, más recientemente, también en las áreas del Internet de las cosas (IoT) y la Agrivoltaica. A diferencia de los enfoques convencionales centrados únicamente en la eficiencia, el TPV introduce dos aspectos adicionales: la transparencia y la estética, que proponen retos añadidos al diseño del dispositivo. En este trabajo se presentan dispositivos TPV inorgánicos de banda prohibida ancha que utilizan silicio-carbono amorfo hidrogenado intrínseco ultrafino (a-SiCx:H) como absorbente semitransparente, junto con contactos selectivos de portador y electrodos transparentes. Este innovador enfoque logra una eficiencia de conversión de potencia (PCE) superior al 2,3% y una transmitancia fotópica media (APT) del 52%, lo que da lugar a una eficiencia de utilización de la luz (LUE) del 1,2%, comparable a la de los mejores dispositivos inorgánicos reportados en la literatura. Este trabajo es de gran importancia para el desarrollo de tecnologías TPV inorgánicas de capa fina, especialmente las que emplean absorbedores ultrafinos.</subfield>
   </datafield>
   <datafield ind2=" " ind1=" " tag="520">
      <subfield code="a">Les tecnologies Fotovoltaiques Transparents (TPV) representen una branca prometedora dins de la fotovoltaica, buscant ampliar les seves aplicacions mitjançant la superació de reptes relacionats amb la integració in situ, especialment dins d'elements arquitectònics, el que es coneix amb el nom de Building Integrated Photovoltaic (BIPV), i més recentment, també en les àrees d'Internet de les Coses (IoT) i Agrivoltaics. A diferència dels enfocaments convencionals centrats únicament en l'eficiència, TPV introdueix dos aspectes addicionals: transparència i estètica, que proposen reptes afegits al disseny del dispositiu. Aquest treball introdueix dispositius TPV basats en materials inorgànics de banda prohibida ampla que utilitzen silici amorf hidrogenat amb alt contingut en carboni (a-SiCx:H) com a absorbidor semitransparent, juntament amb contactes selectius de portadors i elèctrodes transparents. Aquest enfocament innovador aconsegueix una Eficiència de Conversió de Potència (PCE) per sobre del 2,3% i una Transmissió Fotòpica Mitjana (APT) del 52%, produint una Eficiència d'Utilització de la Llum (LUE) de l'1,2%, comparable als millors dispositius inorgànics reportats en la literatura. Aquest treball presenta una gran rellevància en el desenvolupament de tecnologies TPV inorgàniques, especialment aquelles que utilitzen absorbidors ultrafins.</subfield>
   </datafield>
   <datafield tag="653" ind2=" " ind1=" ">
      <subfield code="a">Àrees temàtiques de la UPC::Energies::Energia solar fotovoltaica::Cèl·lules solars</subfield>
   </datafield>
   <datafield tag="653" ind2=" " ind1=" ">
      <subfield code="a">Solar cells</subfield>
   </datafield>
   <datafield tag="653" ind2=" " ind1=" ">
      <subfield code="a">Photovoltaic power generation</subfield>
   </datafield>
   <datafield tag="653" ind2=" " ind1=" ">
      <subfield code="a">a-SiCx:H</subfield>
   </datafield>
   <datafield tag="653" ind2=" " ind1=" ">
      <subfield code="a">Transparent Photovoltaics</subfield>
   </datafield>
   <datafield tag="653" ind2=" " ind1=" ">
      <subfield code="a">Building Integrated Photovoltaics</subfield>
   </datafield>
   <datafield tag="653" ind2=" " ind1=" ">
      <subfield code="a">Células solares transparentes</subfield>
   </datafield>
   <datafield tag="653" ind2=" " ind1=" ">
      <subfield code="a">Cèl·lules solars</subfield>
   </datafield>
   <datafield tag="653" ind2=" " ind1=" ">
      <subfield code="a">Energia solar fotovoltaica</subfield>
   </datafield>
   <datafield ind2="0" ind1="0" tag="245">
      <subfield code="a">Semi transparent solar cells for Building Integrated Photovoltaics</subfield>
   </datafield>
   <datafield ind2="0" ind1="0" tag="245">
      <subfield code="a">Células solares semitransparentes para fotovoltaica integrada en edificios</subfield>
   </datafield>
   <datafield ind2="0" ind1="0" tag="245">
      <subfield code="a">Cèl·lules solars semi transparents per a la integració en edificis</subfield>
   </datafield>
</record></metadata></record></GetRecord></OAI-PMH>